Loading...
| History - European | 0 | 4 | 1 | 1 | 35 | 65 | 73.00 | 0 | 1 | 6.97 | 9.47 |
| Philosophy | 0 | 3 | 0 | 0 | 30 | 33 | 47.00 | 1 | 3 | 23.92 | 34.29 |
| Religion | 0 | 4 | 2 | 0 | 30 | 13 | 64.50 | 1 | 3 | 17.96 | 26.00 |
| History - World | 0 | 2 | 0 | 0 | 20 | 68 | 73.50 | 0 | 2 | 6.28 | 14.00 |
| Literature - World | 0 | 2 | 0 | 0 | 20 | 92 | 99.00 | 0 | 2 | 3.09 | 16.00 |
| Social Science | 0 | 2 | 0 | 0 | 20 | 62 | 76.00 | 0 | 2 | 7.66 | 15.00 |
| Mythology | 0 | 2 | 1 | 0 | 15 | 60 | 65.00 | 0 | 2 | 8.56 | 12.00 |
| Literature - American | 0 | 1 | 0 | 0 | 10 | 111 | 111.00 | 0 | 1 | 0.00 | 8.00 |
| Geography | 0 | 1 | 0 | 0 | 10 | 63 | 63.00 | 0 | 0 | 7.29 | 3.33 |
| Science - Biology | 0 | 1 | 0 | 0 | 10 | 59 | 59.00 | 0 | 1 | 3.66 | 6.00 |
| History - American | 0 | 1 | 0 | 0 | 10 | 68 | 68.00 | 1 | 1 | 38.18 | 100.00 |
| Literature - British | 0 | 1 | 1 | 0 | 5 | 93 | 93.00 | 0 | 0 | 1.23 | 1.33 |
| Fine Arts - Painting and Sculpture | 0 | 1 | 1 | 0 | 5 | 75 | 75.00 | 0 | 1 | 3.53 | 8.00 |
| History - Other | 0 | 1 | 1 | 0 | 5 | 95 | 95.00 | 0 | 1 | 1.36 | 4.00 |
| Literature - European | 0 | 0 | 0 | 0 | 0 | 0.00 | 0 | 0 | 0.00 | 0.00 | |
| Fine Arts - Classical Music | 0 | 0 | 1 | 0 | -5 | 0.00 | 0 | 0 | 0.00 | 0.00 |